| 000 | 00000nam##2200000za#4500 |
| 001 | 9.642127 |
| 003 | CaOODSP |
| 005 | 20210624223543 |
| 007 | cr ||||||||||| |
| 008 | 150407|1999||||xxc|||||o f|0| 0 fre|d |
| 040 | |aCaOODSP|bfre |
| 043 | |an-cn--- |
| 086 | 1 |aRH64-72/1999F-PDF |
| 110 | 1 |aCanada.|bDéveloppement des ressources humaines Canada. |bPolitique stratégique. |
| 245 | 10|aLes programmes d'adaptation pour les travailleurs âgés - étude bilan : |h[ressource électronique]|brapport final / |c[par] Évaluation et développement des données. |
| 260 | |aOttawa - Ontario : |bDéveloppement des ressources humaines Canada. |cDécembre 1999. |
| 300 | |a42p.|bfigures, références |
| 590 | |a13-16-Supp|b2013-07-12 |
| 775 | 08|tOlder worker adjustment programs - lessons learned : |w(CaOODSP)9.698133 |
| 856 | 40|ahttp://publications.gc.ca|qPDF|s606 Ko|uhttps://publications.gc.ca/collections/collection_2013/rhdcc-hrsdc/RH64-72-1999-fra.pdf |
| 986 | |aSP-AH093-12-99F |